[Event "SRI-chB"]
[Site "Mount Lavinia"]
[Date "2022.03.18"]
[Round "6"]
[White "De Silva, Osheen"]
[Black "Yatawara, OLB"]
[Result "1/2-1/2"]
[WhiteElo "1769"]
[BlackElo "1544"]
[PlyCount "74"]
[EventDate "2022.03.16"]
[EventType "swiss"]
[EventRounds "10"]
[EventCountry "SRI"]
[SourceTitle "EXT 2023"]
[Source "ChessBase"]
[SourceDate "2022.10.05"]
[SourceVersion "1"]
[SourceVersionDate "2022.10.05"]
[SourceQuality "1"]

1. e4 e6 2. d4 d5 3. Nc3 Bb4 4. e5 c5 5. a3 Bxc3+ 6. bxc3 Qa5 7. Bd2 Qa4 8. Nf3 c4 9. h4 Ne7 10. h5 h6 11. Nh4 Nbc6 12. Be2 Bd7 13. Be3 0-0-0 14. Qc1 Rhg8 15. g4 Rdf8 16. Qb2 b5 17. Kd2 Kc7 18. f4 g6 19. Rag1 Rh8 20. Rh2 Be8 21. Rf1 Nd8 22. Qb4 Qxb4 23. axb4 Kb6 24. Ng2 a6 25. Rfh1 Ng8 26. Ne1 Nc6 27. Nf3 Nce7 28. Bf2 Kb7 29. Bh4 Nc6 30. Bf6 Rh7 31. g5 Nce7 32. gxh6 Nf5 33. Ng5 Rxh6 34. Bg4 Nxf6 35. exf6 Rfh8 36. Bxf5 gxf5 37. Ke3 Kb6 1/2-1/2

[Event "SRI-chB"]
[Site "Narahenpita"]
[Date "2017.05.19"]
[Round "6"]
[White "Galagamaarachchi, AS."]
[Black "Yatawara, OLB"]
[Result "0-1"]
[WhiteElo "1802"]
[BlackElo "1574"]
[PlyCount "39"]
[EventDate "2017.05.12"]
[EventType "swiss"]
[EventRounds "10"]
[EventCountry "SRI"]
[SourceTitle "CBM 178 Extra"]
[Source "ChessBase"]
[SourceDate "2017.06.22"]
[SourceVersion "1"]
[SourceVersionDate "2017.06.22"]
[SourceQuality "1"]

1. e4 e6 2. d4 d5 3. e5 c5 4. c3 Nc6 5. Nf3 Qb6 6. a3 a5 7. Bd3 Bd7 8. Bc2 Qa6 9. Bd3 c4 10. Bc2 a4 11. Ng5 Be7 12. Qh5 g6 13. Qg4 Bxg5 14. Qxg5 Nce7 15. Qf4 h6 16. h4 h5 17. Nd2 Nf5 18. Bxf5 gxf5 19. Qg5 Ne7 20. g3 0-1